| Tag |
First Indicator |
Second Indicator |
Subfields |
| LEADER |
00000cam a2200000Mi 4500 |
| 001 |
in00003544913 |
| 006 |
m o d |
| 007 |
cr ||||||||||| |
| 008 |
130509s1987 mau o 000 0 eng d |
| 005 |
20260421162641.9 |
| 020 |
|
|
|a 9781475797008 (electronic bk.)
|
| 020 |
|
|
|a 1475797001 (electronic bk.)
|
| 020 |
|
|
|z 1475797001
|
| 024 |
7 |
|
|a 10.1007/978-1-4757-9700-8
|2 doi
|
| 035 |
|
|
|a (OCoLC)864227078
|
| 040 |
|
|
|a SINTU
|b eng
|c SINTU
|d OCLCO
|d GW5XE
|d OCLCF
|d UtOrBLW
|
| 041 |
1 |
|
|a eng
|h ger
|
| 049 |
|
|
|a TXAM
|
| 050 |
|
4 |
|a P99
|b .W3813 1987
|
| 072 |
|
7 |
|a JMR
|2 bicssc
|
| 072 |
|
7 |
|a PSY008000
|2 bisacsh
|
| 082 |
0 |
4 |
|a 001.51
|2 23
|
| 130 |
0 |
|
|a Welt als Zeichen.
|l English.
|
| 245 |
1 |
0 |
|a Classics of semiotics /
|c edited by Martin Krampen, Klaus Oehler, Roland Posner, Thomas A. Sebeok, Thure Uexküll.
|
| 264 |
|
1 |
|a Boston, MA :
|b Springer,
|c 1987.
|
| 300 |
|
|
|a 1 online resource (xv, 271 pages)
|
| 336 |
|
|
|a text
|b txt
|2 rdacontent
|
| 337 |
|
|
|a computer
|b c
|2 rdamedia
|
| 338 |
|
|
|a online resource
|b cr
|2 rdacarrier
|
| 490 |
1 |
|
|a Topics in contemporary semiotics
|
| 504 |
|
|
|a Includes bibliographical references and index.
|
| 500 |
|
|
|a Electronic resource.
|
| 650 |
|
0 |
|a Semiotics.
|
| 650 |
|
7 |
|a Semiotics.
|2 fast
|0 (OCoLC)fst01112351
|
| 655 |
|
7 |
|a Electronic books.
|2 local
|
| 700 |
1 |
|
|a Krampen, Martin.
|
| 700 |
1 |
|
|a Oehler, Klaus.
|
| 700 |
1 |
|
|a Posner, Roland.
|
| 700 |
1 |
|
|a Sebeok, Thomas A.
|
| 700 |
1 |
|
|a Uexküll, Thure.
|
| 710 |
2 |
|
|a SpringerLink (Online service)
|
| 776 |
1 |
8 |
|i Print version:
|z 9781475797022
|
| 830 |
|
0 |
|a Topics in contemporary semiotics.
|
| 856 |
4 |
0 |
|u http://proxy.library.tamu.edu/login?url=https://link.springer.com/10.1007/978-1-4757-9700-8
|z Connect to the full text of this electronic book
|t 0
|
| 994 |
|
|
|a 92
|b TXA
|
| 999 |
|
|
|a MARS
|
| 999 |
f |
f |
|s ef703dca-361d-3521-8870-9a9e91759e1d
|i 0077b5f1-2fba-38dc-945b-ef893f2a5dcd
|t 0
|
| 952 |
f |
f |
|a Texas A&M University
|b College Station
|c Electronic Resources
|s www_evans
|d Available Online
|t 0
|e P99 .W3813 1987
|h Library of Congress classification
|
| 998 |
f |
f |
|a P99 .W3813 1987
|t 0
|l Available Online
|